Normal view MARC view
  • Pandya Y

Entry Personal Name

Number of records used in: 2

001 - CONTROL NUMBER

  • control field: 214801

003 - CONTROL NUMBER IDENTIFIER

  • control field: OSt

005 - DATE AND TIME OF LATEST TRANSACTION

  • control field: 20251105101418.0

008 - FIXED-LENGTH DATA ELEMENTS

  • fixed length control field: 251105|| aca||aabn | a|a d

040 ## - CATALOGING SOURCE

  • Original cataloging agency: OSt
  • Transcribing agency: OSt

100 ## - HEADING--PERSONAL NAME

  • Personal name: Pandya Y

670 ## - SOURCE DATA FOUND

  • Source citation: Work cat.: (OSt)369075: Pandya Y, Elements Of Spacemaking, 2023